Caliente, plana y abarrotada : por qué el mundo necesita una revolución verde /

Guardado en:
Autor Principal: Friedman, Thomas L.
Formato: Libro
Publicado: Buenos Aires : Planeta, 2010
Materias:
Etiquetas: Agregar Etiqueta
Sin Etiquetas, Sea el primero en etiquetar este registro!
LEADER 00690nam a22002055a 4500
001 CEM.cems013551
005 20110902114537.0
008 130507s2010##################000#0#####d
003 CEMS
020 |a 9789504922650 
082 0 4 |a 574.5 
100 1 |a Friedman, Thomas L. 
245 1 0 |a Caliente, plana y abarrotada :  |b por qué el mundo necesita una revolución verde /  |c Thomas L. Friedman; traducido Por Núria Petit Fontsere y Alejandro Carantoña 
260 |a Buenos Aires :  |b Planeta,  |c 2010 
300 |a 612 p. 
653 |a Medio ambiente 
653 |a Ecología 
653 |a Calentamiento global 
653 |a Superpoblación 
859 |a CEMS  |b BIB. CEMS - 11 de abril  |h 574.5  |i F914  |p 26178.11  |t Ej.1